Hasprove dramaturgické lásky alebo Skončí sa to Ó Neillom? k životnému jubileu divadelného a televízneho tvorcu

Bibliographic Details
Main Author: Kret, Anton, 1930-2019 (Author)
Format: Article
Language:Slovak
PhysicalDescription:Fotogr.
ISSN:0323-2883
Subjects:

MARC

LEADER 00000nab a2200000 a 4500
001 vtls000711639
003 SK-MaSNL
005 20260304120229.0
008 250429c1999 xo 0 slo
015 |a SNBRB2000/02-03822 
035 |a CLN000063806 
035 |a urn:nbn:sk:snk-abdq9w 
035 |a (urnnbn)urn:nbn:sk:snk:ar-001fyb 
035 |a (uuid)f4b5e8b3-b315-4507-804e-4e2c03982ca7 
040 |a SNKBUCL  |b slo  |c SNKBUCL  |e AACR2 
041 0 |a slo 
044 |a xo  |c SK 
080 |a 792.075  |2 1997 
080 |a 7.097.071.1  |2 1997 
080 |a 929 Haspra, Pavol  |2 1997 
100 1 |a Kret, Anton,  |d 1930-2019  |4 aut  |9 102081 
245 1 0 |a Hasprove dramaturgické lásky alebo Skončí sa to Ó Neillom?  |b k životnému jubileu divadelného a televízneho tvorcu  |c Anton Kret 
300 |b Fotogr. 
600 1 7 |a Haspra, Pavol,  |d 1929-2004  |2 snkbucl  |9 102446 
655 7 |a články z novín a časopisov  |2 snkbucl  |9 267496 
773 0 |t Javisko  |g Roč. 31, č. 12 (1999), s. 29-31  |x 0323-2883 
850 |a Slovenská národná knižnica 
852 |a Slovenská národná knižnica 
954 |a odborná, vedecká literatúra pôvodná (slovenská)  |2 lita 
958 |a article19 
958 |a OND 
958 |a SK 
958 |a BX 
958 |a EUIPO 
992 |a RBX 
999 |c 2879113  |d 2881043